1977 1532 1527 1493 1032 1808 1482 1855 1511 1180 1079 1602 1057 1669 1930 1962 1685 1428 1366 1046 1554 1805 1521 1678 1839 1856 1811 1536 1684 1036 1784 1520 1491 1681 1869 1257 1582 1458 1721 1135 1996 1477 1448 1676 1218 1745 1710 1470 1213 1059 1879 1504 1378 1564 1099 1658 1690 1902 1147 1270 1289 1366 1280 1201 1989 1575 1577 1328 1042 1054 1592 1237 1847 1420 1717 1358 1707 1005 1562 1481 1467 1418 1135 2000 1639 1320 1766 1512 1697 1606 1624 1420 1690 1317 1632 1802 1854 1144 1966 BCNSPRNW ULIB Ver.6.0+V

เปลี่ยนเป็นภาษาไทย

Change to English
 แสดงรายละเอียดบรรณานุกรม
  กลับหน้าหลัก

Brief Record : Get Marc (ISO 2709) : E-mail record : QR code < ปิดหน้าต่าง
LEADER : 00000nam 2200000uu 4500
001    13399114897
003     ULIB
008    120619s2553||||th 000 0 tha d
020    ^a9789747293876
050  4 ^aBF637.S8^bอ598ด ล.2
100 0  ^aอาจอง ชุมสาย ณ อยุธยา
245 10 ^aด้วยรักบันดาล...นิทานสีขาว เล่ม2/^cเล่าเรื่องโดย อาจอง ชุมสาย ณ อยุธยา ;สุพัตรา แซ่ลิ่ม เรียบเรียง ;[บรรณาธิการ อิศวเรศ ตโมนุท]
250    ^aพิมพ์ครั้งที่ 8
260    ^aกรุงเทพฯ :^bฟรีมายด์,^c2553
300    ^a229 หน้า :^bภาพประกอบ
650  4 ^aนิทานสอนใจ
650  4 ^aการดำเนินชีวิต
650  4 ^aความสำเร็จ
650  4 ^aนิทานคติธรรม
700 0  ^aสุพัตรา แซ่ลิ่ม
700 0  ^aอิศวเรศ ตโมนุท,^eบรรณาธิการ
945    ^p185^l0^i032059
995    ^aเกษร
999    ^aใช้งานได้ทุกระบบ
รายการนี้ยังไม่มีแท็ก
คุณยังไม่ได้ล็อกอิน คุณสามารถมีกิจกรรมร่วมกับเว็บไซต์ได้ แต่ต้องล็อกอินก่อน ::
  ล็อกอิน

รายการสื่อสารสนเทศ

ลำดับที่ ประเภท เลขเรียก/บาร์โค้ด สถานที่ สถานะ
- ไม่พบข้อมูล -

รายการใกล้เคียง
    ผู้แต่ง [อาจอง ชุมสาย ณ อยุธยา]

    หัวเรื่อง [นิทานสอนใจ]
    หัวเรื่อง [การดำเนินชีวิต]
    หัวเรื่อง [ความสำเร็จ]
    หัวเรื่อง [นิทานคติธรรม]

BibComment


ยังไม่เคยถูกคอมเมนท์

คอมเมนท์ทรัพยากรรายการนี้
  คอมเมนท์: ด้วยรักบันดาลนิท..


 Copyright 2026. Bcnsprnw @Library